| 000 | 00761nam a2200205 a 4500 | ||
|---|---|---|---|
| 001 | 000591912 | ||
| 003 | AM-YeHGA | ||
| 005 | 20250617153325.0 | ||
| 008 | 080718s1922 ai | |||||||||||||rus|d | ||
| 040 | _aAM-YeHGA | ||
| 041 | 0 | _arus | |
| 100 | 1 |
_aБартольд, Василий Владимирович _d1869-1930 |
|
| 245 | 1 | 0 |
_aМусульманский мир / _cВ.В. Бартольд. |
| 260 |
_aПетербург : _bНаука и школа, _c1922. |
||
| 300 |
_a92 с. ; _c24 см. |
||
| 440 | 0 |
_aВведение в науку _pИстория / Под ред. С.А. Жебелева, Л.П. Карсавина, М.Д. Приселкова _vвып. 22 |
|
| 650 | 1 | 4 | _aИслам |
| 650 | 1 | 4 | _aМусульманство |
| 090 | _c391052 | ||
| 999 |
_c389054 _d389054 |
||